书目信息 |
| 题名: |
党务工作规范文本
|
|
| 作者: | 李俊伟 编著 | |
| 分册: | ||
| 出版信息: | 北京 红旗出版社 2009.01 |
|
| 页数: | 344页 | |
| 开本: | 21cm | |
| 丛书名: | ||
| 单 册: | ||
| 中图分类: | H152.3 | |
| 科图分类: | ||
| 主题词: | ||
| 电子资源: | ||
| ISBN: | 978-7-5051-1619-1 | |
| 000 | 00803nam0 2200229 450 | |
| 001 | 012010746710 | |
| 005 | 20100324185021.48 | |
| 010 | @a978-7-5051-1619-1@dCNY24.00 | |
| 100 | @a20100324d2009 em y0chiy0120 ea | |
| 101 | 0 | @achi |
| 102 | @aCN@b110000 | |
| 105 | @ay z 000yy | |
| 106 | @ar | |
| 200 | 1 | @a党务工作规范文本@Adang wu gong zuo gui fan wen ben@f李俊伟编著@Fli jun wei bian zhu |
| 210 | @a北京@c红旗出版社@d2009.01 | |
| 215 | @a344页@d21cm | |
| 330 | @a本书共分八章,主要包括党务工作常用文本写作及其规范、党的宣传工作规范文本、党的选举工作规范文本党的干部工作规范文本等内容。 | |
| 601 | 02 | @a中国共产党@Azhong guo gong chan dang@x基层组织@x公文@x写作 |
| 690 | @aH152.3@v4 | |
| 701 | 0 | @a李俊伟@Ali jun wei@4编著 |
| 801 | 0 | @aCN@bQSSK@c20100324 |
| 905 | @b772181-83@dH152.3@eL187@f3 | |
| 党务工作规范文本/李俊伟编著.-北京:红旗出版社,2009.01 |
| 344页;21cm |
| ISBN 978-7-5051-1619-1:CNY24.00 |
| 本书共分八章,主要包括党务工作常用文本写作及其规范、党的宣传工作规范文本、党的选举工作规范文本党的干部工作规范文本等内容。 |
| ● |
| 相关链接 |
|
|
|
正题名:党务工作规范文本
索取号:H152.3/L187
 
预约/预借
| 序号 | 登录号 | 条形码 | 馆藏地/架位号 | 状态 | 备注 |
| 1 | 772181 | 207721811 | 语言库209/209语言库 75排1列1层/ [索取号:H152.3/L187] | 在馆 | |
| 2 | 772182 | 207721820 | 语言库209/209语言库 75排1列1层/ [索取号:H152.3/L187] | 在馆 | |
| 3 | 772183 | 207721839 | 语言库209/209语言库 75排1列1层/ [索取号:H152.3/L187] | 在馆 |